000
00278nam a22001217a 4500
999
_c
15417
_d
15417
020
_a
9788177541441
082
_a
664.94
_b
CUT/FI
100
_a
Cutting, L
_9
3107
245
_a
Fish processing and preservation
260
_a
Jodhpur
_b
Agrobios
_c
2012
300
_a
372p
942
_c
BK